[Event "VIE-ch (Women)"]
[Site "Bac Giang"]
[Date "2016.06.26"]
[Round "7"]
[White "Tan, Huynh Thanh Truc"]
[Black "Luu, Ha Bich Ngoc"]
[Result "0-1"]
[WhiteElo "1774"]
[BlackElo "1409"]
[PlyCount "112"]
[EventDate "2016.06.22"]
[EventType "swiss"]
[EventRounds "9"]
[EventCountry "VIE"]
[SourceTitle "EXT 2017"]
[Source "ChessBase"]
[SourceDate "2016.10.25"]
[SourceVersion "1"]
[SourceVersionDate "2016.10.25"]
[SourceQuality "1"]

1. e4 c5 2. Nf3 e6 3. g3 d5 4. exd5 exd5 5. d4 Nc6 6. Bg2 Bg4 7. 0-0 Nxd4 8. Qe1+ Ne6 9. c4 Nf6 10. Ne5 Bf5 11. Bg5 Be7 12. g4 Nxg4 13. Bxe7 Qxe7 14. Nxg4 Bxg4 15. cxd5 Nd4 16. Qxe7+ Kxe7 17. f3 Bf5 18. Nc3 Rhd8 19. Kf2 Kf8 20. f4 Rab8 21. Rac1 b6 22. Rfe1 Nc2 23. Red1 Nd4 24. Re1 Re8 25. Be4 Bg4 26. Bg2 Rxe1 27. Rxe1 Re8 28. Rxe8+ Kxe8 29. Bf1 Ke7 30. Nb5 Nxb5 31. Bxb5 Kd6 32. Be8 Bh5 33. Bc6 f5 34. Ke3 Bf7 35. a3 Bxd5 36. Bb5 h6 37. h4 Bc6 38. Bd3 Ke6 39. b4 Kf6 40. h5 g6 41. hxg6 Kxg6 42. bxc5 bxc5 43. Bc4 h5 44. Kf2 h4 45. Kg1 Bf3 46. Kh2 Kh5 47. Kh3 Bg4+ 48. Kh2 Kg6 49. Kg2 Kf6 50. a4 Ke7 51. a5 Bh5 52. Kh3 Bf7 53. Bd3 Kf6 54. Kxh4 c4 55. Bc2 Bd5 56. Kg3 Be4 0-1

[Event "Asia-ch U14 Girls"]
[Site "Ulaanbaatar"]
[Date "2016.04.13"]
[Round "8"]
[White "Tan, Huynh Thanh Truc"]
[Black "Khandelwal, Khushi"]
[Result "0-1"]
[WhiteElo "1784"]
[BlackElo "1670"]
[PlyCount "100"]
[EventDate "2016.04.06"]
[EventType "swiss"]
[EventRounds "9"]
[EventCountry "MGL"]
[SourceTitle "EXT 2017"]
[Source "ChessBase"]
[SourceDate "2016.10.25"]
[SourceVersion "1"]
[SourceVersionDate "2016.10.25"]
[SourceQuality "1"]

1. e4 d5 2. exd5 Nf6 3. Bb5+ Bd7 4. Be2 Nxd5 5. d4 e6 6. Nf3 c5 7. c4 Nb6 8. d5 exd5 9. cxd5 Bd6 10. 0-0 0-0 11. Nc3 Re8 12. Be3 Bg4 13. Qd3 Bh5 14. Rac1 Na6 15. Rfd1 Qe7 16. Ng5 Bg6 17. Qd2 Nc7 18. Bf3 Nc4 19. Qe2 Nxe3 20. Qxe3 Bxh2+ 21. Kf1 Qd6 22. Nge4 Bxe4 23. Nxe4 Qg6 24. Qd3 Bf4 25. Rxc5 Rad8 26. Ng3 Qb6 27. Rc2 Bxg3 28. fxg3 Nb5 29. Re2 Nd6 30. Rde1 Qc7 31. Qc2 Qxc2 32. Rxc2 Rxe1+ 33. Kxe1 Rc8 34. Rd2 Kf8 35. Kd1 Ke7 36. Re2+ Kf6 37. b3 Nb5 38. Rf2 Ke5 39. Kd2 Nd4 40. Bd1 Rc7 41. Kd3 Kxd5 42. b4 f6 43. Rf4 Ne6 44. Re4 Ng5 45. Bb3+ Kd6 46. Rd4+ Ke7 47. Ba4 Nf7 48. Ke3 Ne5 49. Kd2 Rc4 50. Rxc4 Nxc4+ 0-1

[Event "Asia-ch U14 Girls"]
[Site "Ulaanbaatar"]
[Date "2016.04.08"]
[Round "3"]
[White "Tan, Huynh Thanh Truc"]
[Black "Bommini, Mounika Akshaya"]
[Result "1/2-1/2"]
[WhiteElo "1784"]
[BlackElo "1732"]
[PlyCount "74"]
[EventDate "2016.04.06"]
[EventType "swiss"]
[EventRounds "9"]
[EventCountry "MGL"]
[SourceTitle "EXT 2017"]
[Source "ChessBase"]
[SourceDate "2016.10.25"]
[SourceVersion "1"]
[SourceVersionDate "2016.10.25"]
[SourceQuality "1"]

1. e4 c5 2. Nf3 d6 3. Bb5+ Bd7 4. Bxd7+ Qxd7 5. c4 Nc6 6. d4 cxd4 7. Nxd4 Nf6 8. Nc3 g6 9. f3 Bg7 10. Be3 0-0 11. 0-0 Rac8 12. b3 a6 13. a4 Qc7 14. Rc1 Qa5 15. Qd3 Rfe8 16. Rfd1 Qb4 17. Na2 Qa5 18. Nc3 Nb4 19. Qd2 Nc6 20. Qf2 Nd7 21. Na2 Nxd4 22. Bxd4 Bxd4 23. Rxd4 Rc7 24. Rd5 Qb6 25. Qxb6 Nxb6 26. Rd3 Rec8 27. Nc3 a5 28. Nd5 Nxd5 29. Rxd5 Rc5 30. Kf2 b6 31. Ke3 Rd8 32. Rcd1 Rdc8 33. Kd3 Kf8 34. Kc3 Kg7 35. Re1 Kg8 36. Re2 Kg7 37. Rc2 f6 1/2-1/2

[Event "Asia-ch U14 Girls"]
[Site "Ulaanbaatar"]
[Date "2016.04.07"]
[Round "2"]
[White "Ulziikhishigjargal, Ochirkhuyag"]
[Black "Tan, Huynh Thanh Truc"]
[Result "1/2-1/2"]
[WhiteElo "1681"]
[BlackElo "1784"]
[PlyCount "104"]
[EventDate "2016.04.06"]
[EventType "swiss"]
[EventRounds "9"]
[EventCountry "MGL"]
[SourceTitle "EXT 2017"]
[Source "ChessBase"]
[SourceDate "2016.10.25"]
[SourceVersion "1"]
[SourceVersionDate "2016.10.25"]
[SourceQuality "1"]

1. e4 e5 2. Nf3 Nc6 3. Bc4 Bc5 4. d3 Nf6 5. c3 d6 6. h3 h6 7. Nbd2 Bb6 8. Nf1 0-0 9. Ng3 Ne7 10. 0-0 Ng6 11. Be3 Re8 12. Bb3 Be6 13. Bc2 c6 14. d4 Qc7 15. Qd2 Qe7 16. Nf5 Bxf5 17. exf5 Nf8 18. Rae1 Nd5 19. Nh2 Nh7 20. Ng4 Nxe3 21. Qxe3 Qf8 22. f6 Nxf6 23. Nxf6+ gxf6 24. Qd3 f5 25. Qxf5 Qg7 26. Re4 Re6 27. dxe5 dxe5 28. Rg4 Rg6 29. Rxg6 Qxg6 30. Qxg6+ fxg6 31. Bxg6 Kg7 32. Bc2 Rd8 33. b3 Rd2 34. Bb1 Kf6 35. g3 Bc5 36. Kg2 Bb6 37. g4 Kg5 38. Kg3 Bc5 39. h4+ Kf6 40. b4 Bd6 41. Kf3 Bc7 42. Ke3 Rd7 43. Bf5 Rd8 44. Be4 Rg8 45. f3 Rb8 46. Rd1 Rd8 47. Rxd8 Bxd8 48. b5 Ke6 49. bxc6 bxc6 50. Bxc6 Bxh4 51. Ke4 Bf2 52. Kd3 Kd6 1/2-1/2

[Event "Asia-ch U14 Girls"]
[Site "Ulaanbaatar"]
[Date "2016.04.06"]
[Round "1"]
[White "Tan, Huynh Thanh Truc"]
[Black "Mandukhai, Myagmarsuren"]
[Result "1-0"]
[WhiteElo "1784"]
[BlackElo "1376"]
[PlyCount "72"]
[EventDate "2016.04.06"]
[EventType "swiss"]
[EventRounds "9"]
[EventCountry "MGL"]
[SourceTitle "EXT 2017"]
[Source "ChessBase"]
[SourceDate "2016.10.25"]
[SourceVersion "1"]
[SourceVersionDate "2016.10.25"]
[SourceQuality "1"]

1. e4 e5 2. Nf3 Nc6 3. Bb5 a6 4. Ba4 Nf6 5. d3 d6 6. c3 Be7 7. 0-0 Bg4 8. Re1 b5 9. Bc2 d5 10. Nbd2 dxe4 11. Nxe4 Nxe4 12. dxe4 Qxd1 13. Bxd1 0-0-0 14. Be3 Rd7 15. Be2 Rhd8 16. a4 Bxf3 17. gxf3 Rd6 18. axb5 axb5 19. Bxb5 Rg6+ 20. Kh1 Kb7 21. Bc4 Rf6 22. Bd5 Rdd6 23. Bg5 Rxf3 24. Bxe7 Rxd5 25. exd5 Nxe7 26. Rxe5 Ng6 27. Re2 Rd3 28. c4 Rd4 29. b3 f6 30. Rea2 Ne5 31. Ra7+ Kc8 32. Ra8+ Kd7 33. Rg8 Rg4 34. Rg1 Rg6 35. Rxg7+ Kd6 36. R7xg6 hxg6 1-0

[Event "Wch U12 Girls"]
[Site "Porto Carras"]
[Date "2015.11.01"]
[Round "7"]
[White "Asadi, Motahare"]
[Black "Tan, Huynh Thanh Truc"]
[Result "0-1"]
[WhiteElo "1780"]
[BlackElo "1676"]
[PlyCount "102"]
[EventDate "2015.10.25"]
[EventType "swiss"]
[EventRounds "11"]
[EventCountry "GRE"]
[SourceTitle "CBM 169 Extra"]
[Source "ChessBase"]
[SourceDate "2015.12.18"]
[SourceVersion "1"]
[SourceVersionDate "2015.12.18"]
[SourceQuality "1"]

1. d4 Nf6 2. Nf3 e6 3. c4 b6 4. g3 Bb7 5. Bg2 Be7 6. 0-0 0-0 7. Re1 Na6 8. Nc3 Ne4 9. Ng5 Nxc3 10. Qc2 Bxg5 11. Bxg5 Qxg5 12. Bxb7 Nxa2 13. Bxa8 N6b4 14. Qe4 f5 15. Qb7 Qd8 16. Red1 Qxa8 17. Qxc7 Qc6 18. Qxc6 dxc6 19. e3 Kf7 20. Rd2 a5 21. f3 a4 22. e4 Rc8 23. Kf2 b5 24. c5 g6 25. g4 f4 26. g5 Ra8 27. Kg2 a3 28. Kh3 axb2 29. Rxb2 Ra4 30. Kg4 Ke7 31. h4 Kf7 32. h5 gxh5+ 33. Kxh5 Kg7 34. e5 Ra6 35. Kg4 Nc3 36. Rxa6 Nxa6 37. Kxf4 Nc7 38. Kg4 N7d5 39. f4 Kg6 40. Rb3 b4 41. Kf3 Kf5 42. Rb2 Nb5 43. Kg3 Nxd4 44. Rd2 Nxf4 45. Rb2 Nd5 46. Kh4 Nf3+ 47. Kh5 Nxg5 48. Rf2+ Nf4+ 49. Kh6 Ne4 50. Rb2 Nd5 51. Kxh7 Kxe5 0-1

[Event "VIE-chT (Women)"]
[Site "Ho Chi Minh City"]
[Date "2015.07.21"]
[Round "6.18"]
[White "Nguyen, Hai Phuong Anh"]
[Black "Tan, Huynh Thanh Truc"]
[Result "0-1"]
[WhiteElo "1423"]
[BlackElo "1606"]
[PlyCount "142"]
[EventDate "2015.07.16"]
[EventType "team-swiss"]
[EventRounds "9"]
[EventCountry "VIE"]
[SourceTitle "EXT 2016"]
[Source "ChessBase"]
[SourceDate "2015.10.08"]
[SourceVersion "1"]
[SourceVersionDate "2015.10.08"]
[SourceQuality "1"]

1. e4 c5 2. Nf3 d6 3. d4 cxd4 4. Nxd4 Nf6 5. Nc3 a6 6. Be2 e5 7. Nb3 Be7 8. 0-0 Be6 9. Kh1 Nbd7 10. f4 Rc8 11. Be3 Qc7 12. f5 Bc4 13. g4 Bxe2 14. Qxe2 h6 15. Qg2 b5 16. a3 Nb6 17. Nd2 Qb7 18. g5 hxg5 19. Bxg5 Rh7 20. Rf3 Kd7 21. Rh3 Rxh3 22. Qxh3 Qc6 23. Rd1 a5 24. Nf3 Kc7 25. Bxf6 Bxf6 26. Qf1 Nc4 27. Rd3 Kd7 28. Qc1 Nb6 29. Qd1 Ke7 30. Qd2 b4 31. axb4 axb4 32. Nd5+ Nxd5 33. Rxd5 Qxc2 34. Qxb4 Qc1+ 35. Kg2 Qc2+ 36. Rd2 Qc7 37. Rd5 Rb8 38. Qd2 Qb6 39. b3 Qxb3 40. Rxd6 Qa3 41. Rd7+ Ke8 42. Rd3 Qa4 43. Qe3 Rb4 44. Nd2 Be7 45. Kf3 Qc6 46. Rc3 Qd7 47. Rb3 Rd4 48. Nf1 Bd8 49. Ng3 Qd6 50. Ne2 Rd2 51. Qc3 Qh6 52. Qxe5+ Kf8 53. Qc5+ Kg8 54. Qf2 Qh3+ 55. Qg3 Qh5+ 56. Kf4 Qxe2 57. Rb8 Rd4 58. Qe3 Qxh2+ 59. Kg4 Rd2 60. Qb6 Rg2+ 61. Kf3 Qh3+ 62. Kf4 Rg4+ 63. Ke5 Qg3+ 64. Kd5 Qd3+ 65. Kc6 Qxe4+ 66. Kd7 Qd5+ 67. Qd6 Qxd6+ 68. Kxd6 Rd4+ 69. Ke5 Rd1 70. f6 g6 71. Ke4 Kf8 0-1

[Event "VIE-ch U11 Girls"]
[Site "Ho Chi Minh City"]
[Date "2014.07.13"]
[Round "2"]
[White "Le, Ngo Thuc Han"]
[Black "Tan, Huynh Thanh Truc"]
[Result "1/2-1/2"]
[WhiteElo "1743"]
[BlackElo "1703"]
[PlyCount "61"]
[EventDate "2014.07.13"]
[EventType "swiss"]
[EventRounds "9"]
[EventCountry "VIE"]
[SourceTitle "EXT 2016"]
[Source "ChessBase"]
[SourceDate "2015.10.08"]
[SourceVersion "1"]
[SourceVersionDate "2015.10.08"]
[SourceQuality "1"]

1. e4 c5 2. Nf3 d6 3. d4 cxd4 4. Nxd4 Nf6 5. Nc3 a6 6. Be3 e6 7. f3 b5 8. Qd2 Nbd7 9. 0-0-0 Bb7 10. g4 Nb6 11. h4 Be7 12. h5 Nfd7 13. g5 Ne5 14. Be2 Nec4 15. Bxc4 Nxc4 16. Qd3 Nxe3 17. Qxe3 Bxg5 18. f4 Be7 19. Rhg1 Rg8 20. e5 Qb6 21. Qd3 g6 22. hxg6 hxg6 23. Nxe6 fxe6 24. Rxg6 Rxg6 25. Qxg6+ Kd7 26. exd6 Qe3+ 27. Kb1 Bxd6 28. Qg7+ Kc6 29. Qg2+ Kc7 30. Qg7+ Kc6 31. Qg2+ 1/2-1/2